Central Library and Information Centre
Sibsagar Girls' College, Sivasagar : Assam

PADARTHA BIGYANAR ANGKA (Record no. 4375)

MARC details
000 -LEADER
fixed length control field 00501cam a2200205ua 4500
008 - FIXED-LENGTH DATA ELEMENTS--GENERAL INFORMATION
fixed length control field 160624n II |||gr||||Z||||||asm
040 ## - CATALOGING SOURCE
Original cataloging agency MAIN
041 ## - LANGUAGE CODE
-- English
082 ## - DEWEY DECIMAL CLASSIFICATION NUMBER
Classification number 519.4 PAT
100 ## - MAIN ENTRY--PERSONAL NAME
Personal name PATHOK, KISHORI MOHAN.
245 ## - TITLE STATEMENT
Title PADARTHA BIGYANAR ANGKA
250 ## - EDITION STATEMENT
Edition statement 4TH.
260 ## - PUBLICATION, DISTRIBUTION, ETC.
Place of publication, distribution, etc. [s.l]:
Name of publisher, distributor, etc. BORUA AGENCY,
Date of publication, distribution, etc. 1990.
300 ## - PHYSICAL DESCRIPTION
Dimensions 20CM.
700 ## - ADDED ENTRY--PERSONAL NAME
Personal name PATHOK, KISHORI MOHAN.,
Relator term Author.
700 ## - ADDED ENTRY--PERSONAL NAME
Personal name BARUAH, PRABIN CHANDRA.
942 ## - ADDED ENTRY ELEMENTS (KOHA)
Koha item type Books
653 ## - INDEX TERM--UNCONTROLLED
Uncontrolled term Numerical Physics
Holdings
Withdrawn status Lost status Damaged status Not for loan Collection code Home library Current library Shelving location Date acquired Full call number Barcode Date last seen Copy number Price effective from Koha item type Public note
        TBPHY Central Library and Information Centre Sibsagar Girls College Central Library and Information Centre Sibsagar Girls College PHYSICS BOOK RACK 06.06.1990 519.4 PAT 12714 27.02.2020 1 27.02.2020 Books V
        TBPHY Central Library and Information Centre Sibsagar Girls College Central Library and Information Centre Sibsagar Girls College PHYSICS BOOK RACK 06.06.1990 519.4 PAT 12715 27.02.2020 2 27.02.2020 Books V


Sibsagar Girl's College © 2020. All rights reserved.
Powered by Koha.
Maintained by Abhijit Borpuzari.